Teoría y análisis de las máquinas eléctricas
Salvato in:
| Autori principali: | , , |
|---|---|
| Natura: | Libro |
| Lingua: | spagnolo |
| Pubblicazione: |
Barcelona
Hispano Europea
1980
|
| Edizione: | 2a. ed |
| Soggetti: | |
| Tags: |
Aggiungi Tag
Nessun Tag, puoi essere il primo ad aggiungerne!!
|
MARC
| LEADER | 00000nam a2200000 a 4500 | ||
|---|---|---|---|
| 001 | UCV6198 | ||
| 003 | CL-VaPUC | ||
| 008 | 900301e19800000SP |||||||||||||||||spa|d | ||
| 082 | 0 | 4 | |a 621.313 |b FIT |2 21 |
| 100 | 0 | |a Fitzgerald, Arthur Eugene |e author |9 300430 | |
| 700 | |a Kingsley, Charles |e author |9 545739 | ||
| 700 | 0 | |a Kusko, Alexander |e author |9 300432 | |
| 245 | 1 | 0 | |a Teoría y análisis de las máquinas eléctricas |
| 250 | |a 2a. ed | ||
| 300 | |a 587 p | ||
| 942 | |c BK | ||
| 945 | |d 19900301 00:00:00 | ||
| 260 | |a Barcelona |b Hispano Europea |c 1980 | ||
| 650 | 0 | |a Máquinas eléctricas |9 260079 | |
| 583 | |a last modification |c 20160104 00:44:13 |k Rodrigo Vera | ||
| 999 | |c 212393 |d 212391 | ||